| 000 | 01062nam a22002657a 4500 | ||
|---|---|---|---|
| 003 | DO-SdBPM | ||
| 005 | 20251125092609.0 | ||
| 008 | 180122b1967 sp || |||| 00| 0 spa d | ||
| 040 |
_aDO-SdBPM _bspa _cBPMSU _erda |
||
| 082 | 4 |
_a349.72909 _bB898d 1967 _222 |
|
| 100 | 1 |
_aBruno, Cayetano _eautor _4aut. |
|
| 245 | 1 | 3 |
_aEl derecho público de la iglesia en Indias : _bestudio histórico-jurídico / _cCayetano Bruno |
| 264 |
_aSalamanca, España : _bConsejo Superior de Investigaciones Cientificas Instituto" San Raimundo de Peñafort _c1967 |
||
| 300 |
_a347 páginas : _c25 cm |
||
| 336 |
_atexto _btxto _2rdacontent |
||
| 337 |
_asin mediación _bn _2rdamedia |
||
| 338 |
_avolumen _bnc _2rdacarrier |
||
| 590 | _aInventariado, 2025/VM | ||
| 610 | 2 | 7 |
_aIglesia Católica _x Gobierno _zAmérica _ySiglos XVI-XVII |
| 650 | 7 |
_aDerecho colonial español _zAmérica. _x |
|
| 650 | 7 |
_aLegislación de Indias _x Historia _z España. |
|
| 650 | 7 |
_aIglesia y Estado en América _xHistoria. |
|
| 910 | _aVMateo V. Control de calidad. BPMSU | ||
| 942 |
_2ddc _cBK |
||
| 999 |
_c13242 _d13242 |
||